Taylor Swift mystery lyrics #59 - Statistics

General Stats
  • This quiz has been taken 76 times
    59 since last reset
  • The average score is 199 of 251
Answer Stats
Answer % Correct
I
100%
me
100%
that
100%
the
100%
to
100%
you
100%
an
98%
it
98%
my
98%
when
98%
your
98%
all
95%
and
95%
be
95%
I'm
95%
It's
95%
it's
95%
on
95%
do
93%
go
93%
in
93%
love
93%
but
90%
don't
90%
head
90%
of
90%
say
90%
this
90%
This
90%
what
90%
who
90%
is
88%
no
88%
not
85%
one
85%
so
85%
want
85%
you're
83%
for
80%
just
80%
Just
80%
like
80%
mine
78%
Tell
78%
with
78%
mind
76%
need
76%
see
76%
wanna
76%
down
73%
now
73%
oh
73%
us
73%
had
71%
have
71%
heart
71%
afterglow
68%
even
68%
Meet
68%
up
68%
didn't
66%
fault
66%
Hey
66%
hey
66%
lose
66%
meant
63%
off
63%
fine
61%
hurt
61%
much
61%
out
61%
something
61%
Sorry
61%
break
59%
still
59%
there's
59%
burned
56%
things
56%
Thought
56%
we'll
56%
away
54%
let
54%
Put
54%
face
51%
fight
51%
light
51%
walk
51%
back
49%
blame
49%
jail
49%
blew
46%
blue
46%
hands
46%
morning
46%
proportion
46%
Went
46%
worth
46%
Fighting
44%
true
44%
ultraviolet
44%
Why'd
44%
attack
41%
behind
41%
reasons
41%
'til
41%
blows
39%
boxing
39%
silence
39%
tells
39%
crying
37%
gloves
37%
punished
37%
excruciating
34%
island
34%
low
34%
below
32%
lift
32%
lived
32%
sirens
32%
Chemistry
29%
pinned
27%
No matching quizzes found
Score Distribution
Percent of People with Each Score
Percentile by Number Answered
Your Score History
You have not taken this quiz since the last reset